| 000 | 00599nam a2200229 a 4500 | ||
|---|---|---|---|
| 001 | 57356 | ||
| 003 | BD-RjUL | ||
| 005 | 20211209080511.0 | ||
| 008 | 161208s1976 fr b i000 0 eng | ||
| 020 | _a9231012002 | ||
| 035 | _a(BD-RjUL)57480 | ||
| 040 |
_aDLC _cDLC _dBD-RjUL _beng |
||
| 041 | _aeng | ||
| 082 | 0 | 0 |
_a115 _223 _bCUL 1976 |
| 245 | 0 | 0 |
_aCultures and time / _cL. Gardet ... [et al.]. |
| 260 |
_aParis : _bUnesco Press, _c1976. |
||
| 300 |
_a245 p. ; _c24 cm. |
||
| 504 | _aIncludes bibliographies. | ||
| 650 |
_aTime _9170355 |
||
| 700 | 1 |
_aGardet, Louis. _9170356 |
|
| 942 |
_2ddc _cBK |
||
| 999 |
_c57356 _d57356 |
||